Audit domácí a mezinárodní
Základné podmienky a smernice na prevádzanie auditu. Konkrétne rozdiely medzi českým a medzinárodným auditom. Konsolidovaná závierka a ďalšie faktory. Transformácia audítorskej činnosti v ČR. Prevádzanie medzinárodného auditu. Postavenie audítorskej profesie v ČR v súčasnej dobe.
Gespeichert in:
| 1. Verfasser: | |
|---|---|
| Format: | Buchkapitel |
| Sprache: | Tschechisch |
| Schlagworte: | |
| Tags: |
Keine Tags, Fügen Sie das erste Tag hinzu!
|
MARC
| LEADER | 00000naa a2200000 4500 | ||
|---|---|---|---|
| 001 | r024578 | ||
| 005 | 20221208130706.8 | ||
| 041 | 0 | |a cze | |
| 044 | |a CZ | ||
| 245 | 1 | 0 | |a Audit domácí a mezinárodní |c Ladislav Langr |
| 520 | |a Základné podmienky a smernice na prevádzanie auditu. Konkrétne rozdiely medzi českým a medzinárodným auditom. Konsolidovaná závierka a ďalšie faktory. Transformácia audítorskej činnosti v ČR. Prevádzanie medzinárodného auditu. Postavenie audítorskej profesie v ČR v súčasnej dobe. | ||
| 610 | 2 | 0 | |a audítorstvo |
| 610 | 2 | 0 | |a audítori |
| 610 | 2 | 0 | |a Česko |
| 610 | 2 | 0 | |a závierka účtovná konsolidovaná |
| 100 | 1 | |a Langr, Ladislav | |